| 000 | 00720nam a2200241 i 4500 | ||
|---|---|---|---|
| 001 | bg | ||
| 100 | 1 | _aPOTTS, Bill | |
| 245 | 1 | 0 |
_aModemy / _cBill Potts ; [oprac. wersji polskiej Andrzej Detkiewicz, Piotr Niski]. |
| 246 |
_iTyt. oryg.: _aThe simple modern book |
||
| 260 |
_aWarszawa : _b"Read Me", _ccop. 1993. |
||
| 300 |
_aXX, 243 s. : _brys. ; _c24 cm. |
||
| 500 | _aOryg. : "The simple modern book" 1993. | ||
| 650 | 9 | _aModemy | |
| 700 | 1 |
_aDetkiewicz, Andrzej. _eOprac. |
|
| 700 | 1 |
_aNiski, Piotr. _eOprac. |
|
| 020 | _a8385769250 | ||
| 040 | _cBPK | ||
| 041 | 1 |
_apol _heng |
|
| 080 | _a681.327:621.395:681.324:654 | ||
| 920 | _a83-85769-25-0 | ||
| 942 | _cKS | ||
| 008 | s pl f |000 0 pol | ||
| 999 |
_c6279 _d6279 |
||
| 856 |
_uhttp://koha.tu.koszalin.pl/cgi-bin/koha/opac-detail.pl?biblionumber=6279 _yKatalog online BPK |
||